000 00440nam a22001577a 4500
005 20251108170802.0
008 250721s2000 xx 000 0 ara d
082 1 4 _aق/سجو
100 1 _aالسجواني، رضا
245 1 0 _aهتاف الشمس :
_bمجموعة قصصية /
264 1 _aعمان :
_bمؤسسة عمون،
_c2000.
300 _a93ص.
650 1 7 _aالقصص العربية
942 _2ddc
_cBK
999 _c48917
_d48917